ایک ناؤ کاغذ کی / (Record no. 107216)

MARC details
000 -LEADER
fixed length control field 00693nam a22002417a 4500
005 - DATE AND TIME OF LATEST TRANSACTION
control field 20200217110416.0
010 ## - LCCN (DPL NO)
LC control number 402389
020 ## - INTERNATIONAL STANDARD BOOK NUMBER
Terms of availability 3.50
035 ## - SYSTEM CONTROL NUMBER
System control number 402389
037 ## - SOURCE OF ACQUISITION
Source of stock number/acquisition Cen Lib/Ret
082 ## - DEWEY DECIMAL CLASSIFICATION NUMBER
Classification number ن
100 ## - MAIN ENTRY--PERSONAL NAME
Personal name سوری، وجے
245 ## - TITLE STATEMENT
Title ایک ناؤ کاغذ کی /
Statement of responsibility, etc وجے سوری
246 ## - VARYING FORM OF TITLE
Title proper/short title Ek Nav Kaghaz Ki /
Remainder of title by Vijay Suri
260 ## - PUBLICATION, DISTRIBUTION, ETC. (IMPRINT)
Name of publisher, distributor, etc اجے پبلکشانس
Place of publication, distribution, etc نیی دہلی
Date of publication, distribution, etc 1965 ء
270 ## - ADDRESS
Address ٣١٤٥، دو نگر
City نیی دہلی
Postal code 1100005
300 ## - PHYSICAL DESCRIPTION
Extent 155p.
Dimensions 18cm(Hb)
650 ## - SUBJECT ADDED ENTRY--TOPICAL TERM
Topical term or geographic name as entry element اوردو ادب
650 ## - SUBJECT ADDED ENTRY--TOPICAL TERM
Topical term or geographic name as entry element اوردو ناول
650 ## - SUBJECT ADDED ENTRY--TOPICAL TERM
Topical term or geographic name as entry element Urdu literature
650 ## - SUBJECT ADDED ENTRY--TOPICAL TERM
Topical term or geographic name as entry element Urdu novel
942 ## - ADDED ENTRY ELEMENTS (KOHA)
Source of classification or shelving scheme Dewey Decimal Classification
Item type Urdu Bks
Classification part ن
Call number suffix س و ر
Holdings
Withdrawn status Lost status Not for loan Home library Current library Date acquired Source of acquisition Cost, normal purchase price Full call number Barcode Copy number Cost, replacement price Koha item type
      Central Library Central Library 04/01/2016 Cen Lib/Ret 3.50 ن س و ر 402389 1 3.50 Urdu Bks

© Delhi Public Library
Hit Counter
free hit counter